000 00761nam a2200217 a 4500
001 13835
003 BD-JhCC
005 20240422083308.0
008 240422b1393 ii |||| | a| 000 0 b d
035 _a(BD-JhCC)13835
040 _aBD-JhCC
_dBD-JhCC
041 _aBengali
082 _a891.4409
_bCHO 1393
100 _aচট্টোপাধ্যায়, বঙ্কিমচন্দ্র
245 _aবঙ্কিম রচনাবলী:
_b সাহিত্য সমগ্র /
_cবঙ্কিমচন্দ্র চট্টোপাধ্যায় ।
260 _aকলকাতা:
_bফটো প্রসেস;
_c1393.
300 _a1052 p. :
_c22 cm.
650 _aBengali Literature
942 _2ddc
_cBK
999 _c13835
_d13835